Blue Lock Japan vs Nigeria - Statistics

General Stats
  • This quiz has been taken 47 times
  • The average score is 14 of 32
Answer Stats
Hint Answer % Correct
JAPAN TEAM 1 Goalkeeper Gin Gagamaru
87%
JAPAN TEAM 2 Center Back (Captain) Oliver Aiku
87%
GOALS JAP 1-0 NIG Scored by Meguru Bachira
74%
JAPAN TEAM 3 Center Back Jūbē Aryū
71%
GOALS JAP 3-0 NIG Scored by Rin Itoshi
68%
GOALS JAP 4-0 NIG Scored by Yoichi Isagi
68%
GOALS JAP 2-0 NIG Scored by Reo Mikage
66%
GOALS JAP 1-0 NIG Assisted by Yoichi Isagi
66%
JAPAN TEAM 10 Center Forward Rin Itoshi
63%
JAPAN TEAM 11 Center Forward Yoichi Isagi
63%
GOALS JAP 4-0 NIG Assisted by Meguru Bachira
61%
JAPAN TEAM 4 Right Wing Back Hyōma Chigiri
58%
GOALS JAP 2-0 NIG Assisted by Meguru Bachira
58%
JAPAN TEAM 6 Center Defensive Midfielder Tabito Karasu
58%
GOALS JAP 3-0 NIG Assisted by Meguru Bachira
53%
NIGERIA TEAM 9 Center Forward Onazi
53%
NIGERIA TEAM 10 Offensive Midfielder (Captain) Kuso
47%
JAPAN TEAM 96 (Subbed in) Left Wing Back Ranze Kurona
47%
JAPAN TEAM 14 Right Midfielder Reo Mikage
47%
JAPAN TEAM 25 Center Back Ikki Niko
45%
JAPAN TEAM 22 (Subbed in) Defensive Midfielder Jingo Raichi
45%
JAPAN TEAM 8 Left Midfielder Meguru Bachira
45%
JAPAN TEAM 23 Left Wing Back Yō Hiori
42%
NIGERIA TEAM 11 Right Midfielder Bello
24%
NIGERIA TEAM 8 Center Back Oboabona
16%
NIGERIA TEAM 7 Defensive Midfielder Sadiq
13%
NIGERIA TEAM 1 Goalkeeper Agbim
3%
NIGERIA TEAM 4 Defensive Midfielder Ezekiel
3%
NIGERIA TEAM 5 Left Wing Back Kaita
3%
NIGERIA TEAM 14 Right Wing Back Momodu
3%
NIGERIA TEAM 16 Left Midfielder Umaru
3%
NIGERIA TEAM 6 Center Back Ekpo
0%
No matching quizzes found
Score Distribution
Percent of People with Each Score
Percentile by Number Answered
Your Score History
You have not taken this quiz